Skip to content
Inicio
Centros participantes
Catálogo
Servicios
Contacto
Login
English
Deutsch
Español
Français
Italiano
日本語
Nederlands
Português
Português (Brasil)
中文(简体)
中文(繁體)
Türkçe
עברית
Gaeilge
Cymraeg
Ελληνικά
Català
Euskara
Русский
Čeština
Suomi
Svenska
polski
Dansk
slovenščina
اللغة العربية
বাংলা
Galego
Tiếng Việt
Hrvatski
हिंदी
Հայերէն
Українська
Sámegiella
Language
All Fields
Title
Author
Subject
Call Number
ISBN/ISSN
Tag
Find
Advanced
L´ energie humaine
Cite this
Email this
Print
Export Record
Export to RefWorks
Export to EndNoteWeb
Export to EndNote
Save to List
Permanent link
Add first rating
L´ energie humaine
Saved in:
Bibliographic Details
Main Author:
Teilhard de Chardin, Pierre
Format:
Book
Language:
Undetermined
Published:
París, Francia
Du Seuil
1962
Subjects:
FILOSOFÍA
Tags:
Add Tag
No Tags, Be the first to tag this record!
Holdings
Description
Comments
Similar Items
Staff View
MARC
LEADER
00000nam a2200000Ia 4500
008
170316s9999 xx 000 0 und d
090
|a
100 T-4en
100
|a
Teilhard de Chardin, Pierre
245
|a
L´ energie humaine
260
|a
París, Francia
260
|b
Du Seuil
260
|c
1962
300
|a
222 páginas
650
|a
FILOSOFÍA
999
|c
17775
|d
17775
040
|a
cru BVZT
942
|c
15 D
|h
100 T-4en
|2
z
Similar Items
L´ energie humaine
by: Teilhard de Chardin, Pierre
Published: (1962)
L´ energie humaine
by: Teilhard de Chardin, Pierre
Published: (1962)
L´ activation de l´énergie
by: Teilhard de Chardin, Pierre
Published: (1963)
L´ activation de l´énergie
by: Teilhard de Chardin, Pierre
Published: (1963)
Le phénomene humain
by: Teilhard de Chardin, Pierre
Published: (1955)